000 00523nam a2200217Ia 4500
003 OSt
005 20220411094110.0
008 210210b1994 xxu||||| |||| 00| 0 eng d
040 _c
041 _aEnglish
082 _a621.381 BASB
100 _aBASAVARAJ (B)
_929061
245 _aBasic electronics. V2
260 _aBangalore.
_bMahalaxmi Publications,
_c1994
300 _a371
440 _a2
_929062
650 _aElectronics II PUC
_929063
690 _aElectronic
_929064
906 _a04875
942 _2ddc
_cBK
999 _c97424
_d97424